00663nam a2200229 a 4500001001300000003000900013005001700022008004100039020001000080082001900090100002100109245003300130260003100163300000900194500003500203650002200238700002100260902000800281942000700289952012000296999001700416nice12345678IN_TiNIC20260116014452.0070824s2002 dela grp 000 0 eng  ac15000a398.20954bGOV aGover, Charles E aFolk Songs of Southern India aDelhibRupa and Co. c2002 a299p aincludes index and biblioraphy aFolk Poetry-India1 aGover, Charles E bSRS cBK 001040708StackRoom-aHMIbHMId2007-08-24g150.00l0o398.20954 GOVp021691r2007-08-24v150.00w2007-08-24yBK c15483d15483